Gang leader (Record no. 78581)

MARC details
000 -LEADER
fixed length control field 01022cab a22002175a 4500
001 - CONTROL NUMBER
control field L137286
008 - FIXED-LENGTH DATA ELEMENTS--GENERAL INFORMATION
fixed length control field 070327e20070309xxk f 000 0 eng d
035 ## - SYSTEM CONTROL NUMBER
System control number (Sirsi) u137286
041 0# - LANGUAGE CODE
Language code of text/sound track or separate title eng
100 1# - MAIN ENTRY--PERSONAL NAME
Personal name Potter, James
245 00 - TITLE STATEMENT
Title Gang leader
260 ## - PUBLICATION, DISTRIBUTION, ETC.
Date of publication, distribution, etc. 2007
490 #0 - SERIES STATEMENT
Series statement SJFocus
Volume/sequential designation 151(10) 9 March 2007, 10-12(2)
520 ## - SUMMARY, ETC.
Summary, etc. Discusses the background to and provisions of the Gangmasters (Licensing) Act 2004 which applies special provisions to the supply and use of temporary labour for agricultural work. The purpose of the Act was to improve the regulation of specified temporary labour by replacing several pieces of legislation with a single Act containing new criminal offences applied by a new regulatory authority, the Gangmasters Licensing Authority (GLA).
590 ## - LOCAL NOTE (RLIN)
Local note KA
650 24 - SUBJECT ADDED ENTRY--TOPICAL TERM
Topical term or geographic name entry element GANGMASTERS (LICENSING) ACT 2004
650 24 - SUBJECT ADDED ENTRY--TOPICAL TERM
Topical term or geographic name entry element GANGMASTERS LICENSING AUTHORITY
651 #4 - SUBJECT ADDED ENTRY--GEOGRAPHIC NAME
Geographic name England and Wales
Chronological subdivision 1543-
690 ## - LOCAL SUBJECT ADDED ENTRY--TOPICAL TERM (OCLC, RLIN)
Topical term or geographic name as entry element ENVIRONMENTAL AND LAND CONSULTANCY-AGRIBUSINESS-AGRICULTURE
942 ## - ADDED ENTRY ELEMENTS (KOHA)
Suppress in OPAC 0
Holdings
Withdrawn status Lost status Source of classification or shelving scheme Damaged status Not for loan Home library Current library Shelving location Date acquired Total Checkouts Full call number Barcode Date last seen Copy number Price effective from Koha item type
    Dewey Decimal Classification     London London Journal article 27/03/2007   L137286 137286-1001 06/08/2019 1 06/08/2019 Journal article